Ylioppilaskoeaineet - Statistics

Yleistilastot
  • Tätä visaa on pelattu 136 kertaa
  • Keskiarvotulos 20 / 24
Vastaustilastot
Oppiaine % Oikein
Ruotsi
100%
Äidinkieli
99%
Fysiikka
99%
Kemia
99%
Matematiikka
98%
Englanti
97%
Saksa
96%
Psykologia
93%
Ranska
93%
Biologia
92%
Venäjä
92%
Historia
91%
Espanja
90%
Maantiede
89%
Filosofia
87%
Terveystieto
87%
Yhteiskuntaoppi
85%
Uskonto
83%
Italia
60%
Suomi toisena kielenä
59%
Latina
53%
Elämänkatsomustieto
50%
Saame
44%
Portugali
35%
Ehtoja vastaavia visoja ei löytynyt
Tulosjakauma
Jokaisen tuloksen saaneiden osuus
Persentiili vastausten määrän mukaan
Tuloshistoriasi
Et ole pelannut tätä visaa